| 000 | 00653nam a2200169 a 4500 | ||
|---|---|---|---|
| 008 | 150824s1998 ||||||||||||||||| || u | ||
| 020 | _a9780132625449 | ||
| 050 | _aQP 34.5 Mun | ||
| 100 | _aMunn, Patricia Placke | ||
| 245 | 1 | 0 |
_aHuman physiology: an integrated approach _cby Patricia Placke Munn |
| 260 |
_aUnited States of America _bPrentice Hall _c1998 |
||
| 300 | _a506p. | ||
| 350 | _a5.04 | ||
| 650 | _aHUMAN PHYSIOLOGY--TEXTBOOK | ||
| 650 | _aPHYSIOLOGY | ||
| 995 |
_aMICHAEL CHILUFYA SATA OPEN ACCESS _e903042 _FCBU-SCHOOL OF MEDICINE LIBRARY (Ndola) _I5.04 _jQP 34.5 Mun _M1 _UAVAILABLE _WSep 7, 2015 _y903042 _ZMedical Library Open Access Collection |
||
| 999 |
_c31737 _d31737 |
||